000 00297nam a2200121 a 4500
008 110107s1959|||| d
245 1 0 _aO školstve a osvete
_bČlánky a prejavy
100 1 _aLenin, V. I.
260 _bSPN
_aBratislava
_c1959
020 _c24,80
044 _axo
_cSK
041 _aslo
999 _c15549
_d15549